000 00536nam a22001577a 4500
999 _c11736
_d11736
008 181220b ||||| |||| 00| 0 eng d
020 _a971542888
082 _22001
_aDFil 899.211
_bP53
245 _aThe dog that knew how to talk (Isinay)/
_cDamiana L. Eugenio [Compiler and Editor]
260 _aQuezon City:
_bUP Press,
_cc2001.
300 _apage 116-118.
_c23 cm.
500 _aPhilippine folk literature: The folktales
650 _aFolklore
_933497
650 _aPhilippine folk literature--Collection
_933498
942 _2ddc
_cDFIL